000 00631nam a2200181 i 4500
001 96027
003 ES-MaACL
005 20230906181825.0
007 t|
008 050609s1968 sp ||||1| spa d
100 1 _aMadariaga de la Campa, Angel.
_975295
245 1 0 _aCurso de dibujo
_b: mecánico naval 2º /
_cAngel Madariaga de la Campa.
260 _aSantander :
_bManufacturas Jean,
_c1968.
300 _a86 p. con 16 lám. :
_bil. ;
_c31 cm.
500 _aPrecede al tít.: Subsecretaría de la Marina Mercante.
710 1 _aEspaña.
_bSubsecretaría de la Marina Mercante.
_94000
852 _aES-MaACL
_jC-35731
_bR.68992
999 _c96027
_d96027